MARC

LEADER 00000nam0a2200000 4500
001 332988
005 20231102004517.0
035 |a (RuTPU)RU\TPU\book\358983 
035 |a RU\TPU\book\358963 
090 |a 332988 
100 |a 20170605d1978 k y0rusy5003 ca 
101 0 |a rus 
102 |a RU 
105 |a a z 001zy 
200 1 |a Научные исследования в области водоснабжения  |f Всесоюзный научно-исследовательский институт водоснабжения, канализации, гидротехнических сооружений и инженерной гидрогеологии (НИИ ВОДГЕО, ВНИИводгео) ; науч. ред. В. В. Ашанин 
210 |a Москва  |c Изд-во ВНИИ ВОДГЕО  |d 1978 
215 |a 212 с.  |c ил. 
225 1 |a Труды института ВОДГЕО  |v Вып. 75  |x 0135-3217 
320 |a Библиогр. в конце ст. 
606 1 |a Водоснабжение  |2 stltpush  |3 (RuTPU)RU\TPU\subj\69529  |9 84347 
610 1 |a водяное охлаждение 
610 1 |a замкнутые системы 
610 1 |a фильтры 
610 1 |a оборотное водоснабжение 
610 1 |a хроматы 
610 1 |a коррозия 
610 1 |a ингибиторы 
610 1 |a динамические условия 
610 1 |a комплексоны 
610 1 |a растворы 
610 1 |a отложения 
610 1 |a промывка 
610 1 |a очистные технологии 
610 1 |a вихревые смесители 
675 |a 628.1  |z rus  |v 4 
702 1 |a Ашанин  |b В. В.  |4 340 
712 0 2 |a Всесоюзный научно-исследовательский институт водоснабжения, канализации, гидротехнических сооружений и инженерной гидрогеологии (НИИ ВОДГЕО, ВНИИводгео)  |c (Москва)  |2 stltpush  |3 (RuTPU)RU\TPU\col\4603 
801 0 |a RU  |b 63413507  |c 19950704  |g psbo 
801 1 |a RU  |b 63413507  |c 20151110 
801 2 |a RU  |b 63413507  |c 20231010  |g RCR 
942 |c BK